000 01287nam0a2200325 i 4500
001 RU\NLR\bibl\1969714
005 20260406012723.0
010 _a9785919511090
_9300
021 _aRU
_b2012-83195
_96150
035 _a(NLR Aleph) 001958574
090 _a3793703
_c3793703
100 _a20121121d2012 u y0rusy50 ca
101 0 _arus
102 _aRU
105 _ay |||||||||
200 1 _aЭхо далекого детства
_eкраеведческие очерки
_fВладимир Щербаков
210 _aРостов-на-Дону
_cАльтаир
_d2012
215 _a101, [2] с.
_d21
600 1 _aЩербаков
_bВ.Н.
_f1929
_gВладимир Николаевич
_92131435
_3RU\NLR\auth\661589916
607 _aРостовская область
_jВоспоминания, записки и т.п.
_xИстория
_91350082
_3RU\NLR\auth\66249019
686 _aШ6(2=Р)8-46
686 _aЧ612.3(2)7-8Щербаков
686 _aТ3(2Р-4Р)7,013
700 1 _4070
_8rus
_7ca
_aЩербаков
_bВ. Н.
_cжурналист
_f1929-
_gВладимир Николаевич
_3RU\NLR\auth\77118218
_9101143
801 0 _aRU
_bNLR
_c20121121
_gRCR
801 1 _aRU
_bNLR
_c20121121
942 _cBOOK
980 _aNBR